000 01242cad a22002175a 4500
001 L143635
008 080522s2008 xxkad f s 000 0 eng d
035 _a(Sirsi) u143635
041 0 _aeng
110 2 _aKing Sturge
_93877
245 0 0 _aUK industrial and distribution floorspace today
_bMarch 2008
_h[electronic resource]
260 _aLondon
_bKing Sturge
_c2008
490 0 _aUK Industrial and Distribution Floorspace Today
_vMarch 2008
520 _aReports that available industrial floorspace has increased by only 0.8% since June 2007 to stand at 21.418 million m² in December 2007. Availability of new buildings has risen 7.4% since June 2007, with floorspace in large buildings increasing by 6.5%. This meant that new floorspace accounted for 13.1% of total availability at December 2007, whilst large buildings floorspace accounted for 29.1%. Speculative development under construction fell across the board compared to the previous six months.
590 _aKA
651 4 _aUnited Kingdom
_y
690 _aPROPERTY-COMMERCIAL PROPERTY-COMMERCIAL PROPERTY MARKET
690 _aPROPERTY-INDUSTRIAL PROPERTY
856 4 0 _uhttps://www.kingsturge.co.uk/
_zView the item free of charge at www.kingsturge.co.uk...
942 _n0
999 _c108238
_d108238